000
00248nam a2200109Ia 4500
008
220204s9999 xx 000 0 und d
082
_a
677.1
_b
CHA
100
_a
Chapman, C B
245
0
_a
Fibres
260
_a
London
_b
Butterworth
_c
1974
942
_c
BK
999
_c
24858
_d
24858